Bilecik Bilecik Bilecik Bilecik Bilecik

Şem ile pervane : (Record no. 19294)

MARC details
000 -BAŞLIK
Sabit Uzunluktaki Kontrol Alanı 01979nam a22003617a 4500
001 - KONTROL NUMARASI
Control Dosyası 0019337
003 - KONTROL NUMARASI KİMLİĞİ
Kontrol Alanı KOHA_MİRAKIL
005 - EN SON İŞLEM TARİHİ ve ZAMANI
Kontrol Alanı 20260207002232.0
007 - FİZİKSEL TANIM SABİT ALAN - GENEL BİLGİ
Sabit uzunluklu kontrol alanı ta
008 - SABİT UZUNLUKTAKİ VERİ ÖGELERİ - GENEL BİLGİ
Sabit Alan 100709b2003 tu |||gr||||#||||1|tur |
020 ## - ISBN - ULUSLARARASI STANDART KİTAP NUMARASI
Isbn 9753628927
040 ## - KATALOGLAMA KAYNAĞI
Özgün Kataloglama Kurumu TR-BiSEU
Kataloglama Dili tur
Çeviri Kurumu TR-BiSEU
Açıklama Kuralları rda
041 0# - DİL KODU
Metin ya da ses kaydının dil kodu tur
044 ## - YAYINLAYAN/ÜRETEN KURULUŞUN ÜLKE KODU
ISO country code tu
050 ## - SINIFLAMA ve YER NUMARASI
Sınıflama Numarası PL246
Yer Numarası .D36 2003
100 1# - KİŞİ ADI
Yazar Adı (Kişi adı) Daniş, Münire .
245 1# - ESER ADI BİLDİRİMİ
Başlık Şem ile pervane :
Alt Eseradı vb. aşkın ateş öyküsü /
Sorumluluk Bildirimi Münire Daniş.
264 #1 - ÜRERİM, YAYIN, DAĞITIM ve TELİF BİLDİRİMİ
Yayın yeri İstanbul :
Yayınlayan Timaş Yayınları
Yayın tarihi 2003
300 ## - FİZİKSEL TANIMLAMA
Sayfa, Cilt vb. 92 s. ;
Boyutları 21 cm.
336 ## - İÇERİK TÜRÜ
Content type term metin
Content type code txt
Source rdacontent
337 ## - MEDYA TÜRÜ
Media type term aracısız
Media type code n
Source rdamedia
338 ## - TAŞIYICI TÜRÜ
Carrier type term cilt
Carrier type code nc
Source rdacarrier
490 1# - DİZİ BİLDİRİMİ
Dizi Bildirimi Timaş Yayınları ;
Cilt Numarası 971.
490 1# - DİZİ BİLDİRİMİ
Dizi Bildirimi Aşk Klasikleri Dizisi ;10
505 ## - İÇİNDEKİLER NOTU
İçindekiler Notu Gökyüzünde ne kadar yıldız varsa, yeryüzünde de o kadar hikâye yaşardı. O hikâyelerde herkesin bir yolu, her yolun bir yolcusu olurdu. Kimisi için bir hücreydi akıp geçen zaman, kimisi için her şey yeniden başlardı her an. Kimisi için bir uyku, kimisi için bir rüyaydı.
650 #0 - KONU BAŞLIĞI EK GİRİŞ - KONU TERİMİ
Konusal terim veya coğrafi ad Türk Halk Edebiyatı--Hikayeler.
9 (RLIN) 26338
650 #0 - KONU BAŞLIĞI EK GİRİŞ - KONU TERİMİ
Konusal terim veya coğrafi ad Hikayeler--Türk Halk Edebiyatı.
9 (RLIN) 43443
650 #0 - KONU BAŞLIĞI EK GİRİŞ - KONU TERİMİ
Konusal terim veya coğrafi ad Turkish Folk Literature--Stories.
9 (RLIN) 43444
650 #0 - KONU BAŞLIĞI EK GİRİŞ - KONU TERİMİ
Konusal terim veya coğrafi ad Stories--Turkish Folk Literature.
9 (RLIN) 43445
830 1# - SERİ EK GİRİŞİ - TEKBİÇİM ESER ADI
Tekbiçim Başlık Timaş Yayınları ;
Volume number/sequential designation 971.
9 (RLIN) 9767
830 1# - SERİ EK GİRİŞİ - TEKBİÇİM ESER ADI
Tekbiçim Başlık Aşk Klasikleri Dizisi ;10
9 (RLIN) 43446
942 ## - EK GİRİŞ ÖGELERİ (KOHA)
Source of classification or shelving scheme Library of Congress Classification
Koha item type Book
505 ## - İÇİNDEKİLER NOTU
-- Bazı hikâyeler bir zindanda unutulan kimsesizler gibi silinip giderdi. Bazıları da anlatılan rüyalar gibi zamana yayılır ve yorumlanırdı durmadan. Kimi hikâyeler ise bir sır bırakırdı muhatabına; bazen kulaktan kalbe varmaz uutulur, bazen de sır gerçekleşiverirdi bir yerde...
-- ***
-- İşte o hikâyelerden biri de Şem ile Pervane; sonsuz ve unutulmayan. Ne kadar yazıldı, söylendiyse de, her devrin gök kubbesinde bir yıldız gibi parlak kalan. Okuyacağınız bu nüsha ise, Şem ile Pervane'nin gezegenine yapılan bir hayal yolculuğu....
Holdings
Materyal Türü Kalıcı Konum Mevcut Konum Sınıflandırma Kaynağı Edinim Bilgisi Ana Konular Alt Konular Yer Numarası Demirbaş Numarası Fatura Tarihi Maliyet, Alış Fiyatı Maliyet, Yenileme Fiyatı Geri Çekilme Durumu Kayıp Durumu Hasarlı Durumu Kredi için değil Kayıt Tarih Toplam Ödünçverme Son Görülme Tarihi Son Kontrol Tarihi Genel / Bağış Notu
Book BŞEÜ Gölpazarı MYO Kütüphanesi BŞEÜ Gölpazarı MYO Kütüphanesi Library of Congress Classification Bağış DİL VE EDEBİYAT Doğu Asya, Afrika, Okyanusya Dilleri ve Edebiyatları PL246 .D36 2003 0019337 20/11/2009 8.00 8.00         09/07/2010   05/12/2024 05/12/2024 Genel Bağış